<?xml version="1.0" encoding="UTF-8"?><marc:collection xmlns:marc="http://www.loc.gov/MARC21/slim">
  <marc:record>
    <marc:leader>00000nam  2200000zi 4500</marc:leader>
    <marc:controlfield tag="001">9.933263</marc:controlfield>
    <marc:controlfield tag="003">CaOODSP</marc:controlfield>
    <marc:controlfield tag="005">20240201125315</marc:controlfield>
    <marc:controlfield tag="006">m     o  d f      </marc:controlfield>
    <marc:controlfield tag="007">cr mn|||||||||</marc:controlfield>
    <marc:controlfield tag="008">240201e201807  onca    ob   f000 0 fre d</marc:controlfield>
    <marc:datafield tag="040" ind1=" " ind2=" ">
      <marc:subfield code="a">CaOODSP</marc:subfield>
      <marc:subfield code="b">fre</marc:subfield>
      <marc:subfield code="e">rda</marc:subfield>
      <marc:subfield code="c">CaOODSP</marc:subfield>
    </marc:datafield>
    <marc:datafield tag="043" ind1=" " ind2=" ">
      <marc:subfield code="a">n-cn---</marc:subfield>
    </marc:datafield>
    <marc:datafield tag="045" ind1=" " ind2=" ">
      <marc:subfield code="a">y1y1</marc:subfield>
    </marc:datafield>
    <marc:datafield tag="086" ind1="1" ind2=" ">
      <marc:subfield code="a">T94-58/2018F-PDF</marc:subfield>
    </marc:datafield>
    <marc:datafield tag="245" ind1="0" ind2="0">
      <marc:subfield code="a">Évaluation du Nouveau Fonds Chantiers Canada / </marc:subfield>
      <marc:subfield code="c">Direction générale de la vérification et de l'évaluation.</marc:subfield>
    </marc:datafield>
    <marc:datafield tag="264" ind1=" " ind2="1">
      <marc:subfield code="a">[Ottawa] : </marc:subfield>
      <marc:subfield code="b">Infrastructure Canada, </marc:subfield>
      <marc:subfield code="c">juillet 2018.</marc:subfield>
    </marc:datafield>
    <marc:datafield tag="300" ind1=" " ind2=" ">
      <marc:subfield code="a">1 ressource en ligne (33 pages) : </marc:subfield>
      <marc:subfield code="b">illustrations en couleur + </marc:subfield>
      <marc:subfield code="e">sommaire (2 pages non numérotées (illustration))</marc:subfield>
    </marc:datafield>
    <marc:datafield tag="336" ind1=" " ind2=" ">
      <marc:subfield code="a">texte</marc:subfield>
      <marc:subfield code="b">txt</marc:subfield>
      <marc:subfield code="2">rdacontent/fre</marc:subfield>
    </marc:datafield>
    <marc:datafield tag="337" ind1=" " ind2=" ">
      <marc:subfield code="a">informatique</marc:subfield>
      <marc:subfield code="b">c</marc:subfield>
      <marc:subfield code="2">rdamedia/fre</marc:subfield>
    </marc:datafield>
    <marc:datafield tag="338" ind1=" " ind2=" ">
      <marc:subfield code="a">ressource en ligne</marc:subfield>
      <marc:subfield code="b">cr</marc:subfield>
      <marc:subfield code="2">rdacarrier/fre</marc:subfield>
    </marc:datafield>
    <marc:datafield tag="500" ind1=" " ind2=" ">
      <marc:subfield code="a">Publié aussi en anglais sous le titre : Evaluation of the New Building Canada Fund.</marc:subfield>
    </marc:datafield>
    <marc:datafield tag="504" ind1=" " ind2=" ">
      <marc:subfield code="a">Comprend des références bibliographiques.</marc:subfield>
    </marc:datafield>
    <marc:datafield tag="520" ind1=" " ind2=" ">
      <marc:subfield code="a">« Le Nouveau Fonds Chantiers Canada (NFCC) d'Infrastructure Canada est un élément faisant partie du Nouveau Plan Chantiers Canada (NPCC) d'une valeur de 53 milliards de dollars. Depuis 2014, ce fonds de 14 milliards de dollars a servi à appuyer les projets d'importance nationale, régionale ou locale qui favorisent la croissance économique, la création d'emplois et la productivité. … L'objectif de cette évaluation était d'évaluer dans quelle mesure le NFCC répondait aux besoins en infrastructures des provinces, des territoires et des municipalités (PTM), l'efficacité de sa conception et de son exécution et l'efficience du programme. Cette évaluation couvrait une période de trois ans à compter de la création du Fonds en 2014-2015 jusqu'à 2016-2017. Bien que cette évaluation ait mis l'accent sur les aspects de conception et de mise en œuvre, elle a également examiné l'efficacité avec laquelle le NFCC a rempli son mandat … » -- Résumé, page 4.</marc:subfield>
    </marc:datafield>
    <marc:datafield tag="610" ind1="1" ind2="6">
      <marc:subfield code="a">Canada. </marc:subfield>
      <marc:subfield code="b">Infrastructure Canada</marc:subfield>
      <marc:subfield code="x">Évaluation.</marc:subfield>
    </marc:datafield>
    <marc:datafield tag="650" ind1=" " ind2="6">
      <marc:subfield code="a">Infrastructure (Économie politique)</marc:subfield>
      <marc:subfield code="z">Canada</marc:subfield>
      <marc:subfield code="x">Finances</marc:subfield>
      <marc:subfield code="x">Évaluation.</marc:subfield>
    </marc:datafield>
    <marc:datafield tag="650" ind1=" " ind2="6">
      <marc:subfield code="a">Infrastructure (Économie politique)</marc:subfield>
      <marc:subfield code="x">Politique gouvernementale</marc:subfield>
      <marc:subfield code="z">Canada</marc:subfield>
      <marc:subfield code="x">Évaluation.</marc:subfield>
    </marc:datafield>
    <marc:datafield tag="710" ind1="1" ind2=" ">
      <marc:subfield code="a">Canada. </marc:subfield>
      <marc:subfield code="b">Infrastructure Canada, </marc:subfield>
      <marc:subfield code="e">organisme de publication.</marc:subfield>
    </marc:datafield>
    <marc:datafield tag="775" ind1="0" ind2="8">
      <marc:subfield code="t">Evaluation of the New Building Canada Fund / </marc:subfield>
      <marc:subfield code="w">(CaOODSP)9.932801</marc:subfield>
    </marc:datafield>
    <marc:datafield tag="856" ind1="4" ind2="0">
      <marc:subfield code="q">PDF</marc:subfield>
      <marc:subfield code="s">638 Ko</marc:subfield>
      <marc:subfield code="u">https://publications.gc.ca/collections/collection_2024/infc/T94-58-2018-fra.pdf</marc:subfield>
      <marc:subfield code="z">(rapport)</marc:subfield>
    </marc:datafield>
    <marc:datafield tag="856" ind1="4" ind2="0">
      <marc:subfield code="q">PDF</marc:subfield>
      <marc:subfield code="s">1.14 Mo</marc:subfield>
      <marc:subfield code="u">https://publications.gc.ca/collections/collection_2024/infc/T94-58-2018-1-fra.pdf</marc:subfield>
      <marc:subfield code="z">(sommaire)</marc:subfield>
    </marc:datafield>
    <marc:datafield tag="856" ind1="4" ind2=" ">
      <marc:subfield code="q">HTML</marc:subfield>
      <marc:subfield code="s">S.O.</marc:subfield>
      <marc:subfield code="u">https://www.infrastructure.gc.ca/pd-dp/eval/2017-nbcf-nfcc-fra.html</marc:subfield>
      <marc:subfield code="z">(rapport)</marc:subfield>
    </marc:datafield>
    <marc:datafield tag="856" ind1="4" ind2=" ">
      <marc:subfield code="q">HTML</marc:subfield>
      <marc:subfield code="s">S.O.</marc:subfield>
      <marc:subfield code="u">https://www.infrastructure.gc.ca/pd-dp/eval/2017-nbcf-summary-sommaire-nfcc-fra.html</marc:subfield>
      <marc:subfield code="z">(sommaire)</marc:subfield>
    </marc:datafield>
  </marc:record>
</marc:collection>
